000 00665nam a2200121Ia 4500
008 171212s9999 xx 000 0 und d
100 _aBenjamin, Gail R.
245 _cBenjamin, Gail R.
_aJapanese Lessons
_bA Year in a Japanese School Through the Eyes of An American Anthropologist and Her Children
260 _bNew York University Press
_c1997
650 _aAnthropology
650 _aEducation, Elementary -- Japan -- Urawa-shi; Students, Foreign -- Education (Elementary) -- Japan; American students -- Japan; Elementary schools -- Japan -- Urawa -- Sociological aspects; Comparative education; Benjamin, Gail
856 _uhttp://www.jstor.org/stable/j.ctt9qfg52
999 _c351542
_d351542